LEADER 00822nam0-22002771i-450- 001 990004057330403321 005 20051006090236.0 035 $a000405733 035 $aFED01000405733 035 $a(Aleph)000405733FED01 035 $a000405733 100 $a19990604d1986----km-y0itay50------ba 101 0 $aeng 105 $ay-------00-y- 200 1 $a<>poor in Western Europe$ein the Einghteenth and Nineteenth Centuries$fStuart Woolf 210 $aLondon$aNew York$cMethuen$d1986 215 $a240 p.$d21 cm 676 $a305.5690945$v21$zita 700 1$aWoolf,$bStuart Joseph$f<1936- >$0121251 801 0$aIT$bUNINA$gRICA$2UNIMARC 901 $aBK 912 $a990004057330403321 952 $a305.569 WOO 1$bD.D.S.2282$fFLFBC 959 $aFLFBC 996 $aPoor in Western Europe$9469535 997 $aUNINA LEADER 00815nam0-2200313---450- 001 990009149210403321 005 20100217111545.0 010 $a88-348-5471-3 035 $a000914921 035 $aFED01000914921 035 $a(Aleph)000914921FED01 035 $a000914921 100 $a20100217d2005----km-y0itay50------ba 101 0 $aita 102 $aIT 105 $ay-------001yy 200 1 $aDamnum iniuria datum$fGiuseppe Valditara 205 $a2. ed. 210 $aTorino$cGiappichelli$d©2005 215 $a163 p.$d24 cm 676 $a346.3703$v21$zita 700 1$aValditara,$bGiuseppe$0232140 801 0$aIT$bUNINA$gRICA$2UNIMARC 901 $aBK 912 $a990009149210403321 952 $aIV M 331$b52948*$fFGBC 959 $aFGBC 996 $aDamnum iniuria datum$9699306 997 $aUNINA LEADER 01218cam0-22003851i-450- 001 990003963110403321 005 20050324111923.0 010 $a88-430-2529-5 035 $a000396311 035 $aFED01000396311 035 $a(Aleph)000396311FED01 035 $a000396311 100 $a20030910d2003----km-y0itay50------ba 101 0 $aita 102 $aIT 105 $ay-------001cy 200 1 $a<>analisi multivariata nelle scienze sociali$emodelli log-lineari e variabili categoriali$fGiovanni Di Franco 210 $aRoma$cCarocci$d2003 215 $a136 p.$d22 cm 225 1 $aUniversitą$iScienze politiche e sociali$v478 320 $aContiene bibl. (pp. 133-136) 610 0 $aScienze sociali$aRicerca$aMetodo statistico 610 0 $aScienze sociali$aApplicazioni dell'analisi multivariata 676 $a300.72$v21$zita 676 $a300.1519535$v19 700 1$aDi Franco,$bGiovanni$0145641 801 0$aIT$bUNINA$gRICA$2UNIMARC 901 $aBK 912 $a990003963110403321 952 $a300.72 DIF 2$b1923$fBFS 952 $aCollez. 1575 (478)$b40112$fFSPBC 959 $aBFS 959 $aFSPBC 996 $aAnalisi multivariata nelle scienze sociali$9512900 997 $aUNINA